• 首页
  • 本馆介绍
  • 公告通知
  • 最新文献
  • 馆藏检索
  • 电子资源
  • 读者导购
  • 参考咨询
  • 我的图书馆
  • 登录
  • 详细信息显示
  • 放入我的书架
  • 预约/预借图书
  • 作者相关作品
  • 分类相关作品
  • 丛书相关作品
  • 出版社相关作品

书目信息

  • 表格格式
  • 工作单格式
  • 卡片格式
题名:
中国民族语言文字研究史论
    
 
作者: 朝克 , 李云兵 著
分册: 第一卷  
出版信息: 北京   中国社会科学出版社  2013.3
页数: 657页
开本: 24cm
丛书名:
单 册:
中图分类: H2
科图分类:
主题词: 少数民族--民族语--研究--中国 , 少数民族
电子资源:
ISBN: 978-7-5161-1903-7
000 00742nam0 2200241 45
001 1360110421
005 20130530093223.60
010    @a978-7-5161-1903-7@dCNY99.00
100    @a20130513d2011 ekmy0chiy0120 ea
101 0  @achi
102    @aCN@b110000
105    @aa z 000yy
106    @ar
200 1  @a中国民族语言文字研究史论@AZhong Guo Min Zu Yu Yan Wen Zi Yan Jiu Shi Lun@h第一卷@HDi Yi Juan@f朝克,李云兵著@FChao Ke, Li Yun Bing Zhu
210    @a北京@c中国社会科学出版社@d2013.3
215    @a657页@d24cm
606 0  @a少数民族@x民族语@x研究@y中国
606 0  @a少数民族
690    @aH2@v5
701  0 @a朝克@AChao Ke@4著
701  0 @a李云兵@ALi Yun Bing@4著
801  0 @aCN@bTANGWEI@c20130523
905    @b0834419-21@dH2@e16@f3
    
    中国民族语言文字研究史论.第一卷/朝克,李云兵著.-北京:中国社会科学出版社,2013.3
    657页;24cm
    
    
    ISBN 978-7-5161-1903-7:CNY99.00
    
●
相关链接 在E读中查询图书 在五车中查询图书 在当当中查询图书 在豆瓣中查询图书


正题名:中国民族语言文字研究史论     索取号:H2/16         预约/预借

序号 登录号 条形码 馆藏地/架位号 状态 备注
1 0834419   208344193   第二样本阅览室/ [索取号:H2/16] 在馆    
2 0834420   208344200   第四借阅区/ [索取号:H2/16] 在馆    
3 0834421   208344219   密集书库-文学院/ [索取号:H2/16] 在馆    
唐山师范学院图书馆 欢迎您!
大连网信软件有限公司© 版权所有